Ptochoprodromus : Einfuehrung, kritische Ausgabe, deutsche Uebersetzung, Glossar

Αποθηκεύτηκε σε:
Λεπτομέρειες βιβλιογραφικής εγγραφής
Κύριος συγγραφέας: Πρόδρομος, Θεόδωρος
Άλλοι συγγραφείς: Eideneier, Hans (Επιμελητής έκδοσης)
Μορφή: Βιβλίο
Γλώσσα:German
Ancient Greek
Δημοσίευση: Koeln : Romiosini, 1991
Σειρά:Neograeca Medii Aevi ; ; 5
Θέματα:
Ετικέτες: Προσθήκη ετικέτας
Δεν υπάρχουν, Καταχωρήστε ετικέτα πρώτοι!

MARC

LEADER 00000nam a2200000 i 4500
001 1/5725
008 000608s1991 ger d
020 |a 3-923728-94-8 
035 |l 10061687 
040 |a GR-MY-UA  |b gre  |e aacr 
041 0 |a ger  |a grc  |h grc 
082 0 |a 881.02 
100 1 |a Πρόδρομος, Θεόδωρος. 
245 1 0 |a Ptochoprodromus :  |b Einfuehrung, kritische Ausgabe, deutsche Uebersetzung, Glossar /  |c besorgt von Hans Eideneier 
260 |a Koeln :   |b Romiosini,   |c 1991 
300 |a 270 p.;  |b ill.;  |c 21 cm. 
490 1 |a Neograeca Medii Aevi  |v ; 5 
504 |a Includes bibliograhical references (p.[10]-21) 
600 0 0 |a Θεόδωρος Πρόδρομος,   |d 12ος αι. μ.Χ. 
650 0 0 |a Byzantine poetry  |x Criticism, Textual. 
700 1 |a Eideneier, Hans.  |4 edt 
830 0 |a Neograeca Medii Aevi ;  |v ; 5 
852 |a INST  |b RHODES  |e 20000608  |h 881.02 ΠΡΟ  |p 005400007179  |q 005400007179  |t BK  |y 0 
901 |a BIBL4-2000-2 
909 |a Ρ  |b 038512 
922 |a 4ΕΛΗ  |b 199412  |d ΜΗΝΑΣ 
970 |z 2000/06/ELIDOC